000 00422cam a2200181 4500
001 D7007
008 090401t1982 xxu||||| |||| 00| 0 eng d
035 _a(Sirsi) u4615
041 _aeng
050 _a333.337
100 _aMartin, Peter G
245 _aShopping centre management
260 _aLondon
_bE & F N Spon
_c1982
300 _aviii. 299p. ill. 22cm
350 _a17.5
942 _n0
948 _c04/03/1997
999 _c86044
_d86044